| 000 | 01018nas a2200301 4500 | ||
|---|---|---|---|
| 001 | BR0400145 | ||
| 003 | BR-BrBNA | ||
| 005 | 20231205104234.0 | ||
| 007 | ta | ||
| 008 | 230509b bl.|||p| |||| 00| 00por d | ||
| 040 |
_aBR-BrBNA _bpor _cBiblioteca Nacional de Agricultura |
||
| 041 | _a(Pt) | ||
| 072 | _aL10; L73 | ||
| 100 | 1 | _aSilva, F.B. | |
| 100 | 1 | _aBarreto Filho, J.B. | |
| 100 | 1 | _aOliveira, L.H.N.C. | |
| 100 | 1 | _aDias, L.M.K. | |
| 245 | 1 | _aInfluência da freqüência de coleta nas características físico-morfológicas e do tipo de crioprotetor na viabilidade pós-congelamento do sêmen de cães da raça Pastor Alemão | |
| 650 | _aPASTOR ALEMÃO | ||
| 650 | _aSÊMEN | ||
| 650 | _aCONGELAMENTO | ||
| 650 | _aEJACULAÇÃO | ||
| 650 | _aESPERMATOZÓIDE | ||
| 650 | _aCRIOPRESERVAÇÃO | ||
| 773 | 0 |
_tRevista Brasileira de Reprodução Animal (Brazil) _xISSN 0102-0803 _g(Jul-Sep 2003), v. 27(3) p. 365-366 _wBR0400145 |
|
| 909 |
_a202311 _bLúcia _c55 _dLúcia Elande |
||
| 942 |
_2AGRIS _n0 _cANA |
||
| 999 |
_c177102 _d177102 |
||